Word Ladder: The Man in Black Quiz Stats

Quiz Updated Mar 10, 2016

Challenge
Share
Tweet
Embed
Score 0/39 Timer 04:00
1 Play Today
Clue 4-Letter Word % Correct
♪ 'I Walk the ____' ♪♪ LINE ♪
96.3%
Dad's sisterAUNT
95.7%
To chase and capture preyHUNT
93%
A public area with treesPARK
92.7%
Narrow roadwayLANE
92.1%
♪ 'It ____ Me, Babe' ♪♪ AINT ♪
91%
FuzzLINT
90.3%
ProhibitsBANS
90.3%
White + redPINK
90.3%
The other white meatPORK
90.3%
A place to skateRINK
89.8%
Batman villainBANE
89.7%
♪ '____ of Fire' ♪♪ RING ♪
89%
Ramones music genrePUNK
88.5%
Crap to throw awayJUNK
87.5%
RemedyCURE
85.7%
♪ 'Daddy Sang ____' ♪♪ BASS ♪
85.1%
A partyBASH
83.6%
Drags a car or boatTOWS
83.3%
Lots and lotsTONS
81.5%
Clue 4-Letter Word % Correct
♪ 'Don't Take Your Guns to ____' ♪♪ TOWN ♪
81.4%
♪ Beloved bride of The Man ♪♪ JUNE ♪
81.2%
♪ The Man ♪♪ CASH ♪
80.1%
♪ 'What Do I ____' ♪♪ CARE ♪
79.9%
♪ NIN song made famous by The Man ♪♪ HURT ♪
78.6%
Sound qualityTONE
78.4%
Pay attention!HARK
77.1%
Animated comicTOON
76.8%
Brief in wordsCURT
76.7%
Like old pants or an old tireWORN
75.6%
♪ 'Ain't Gonna ____ Tomorrow' ♪♪ WORK ♪
75.4%
A type of fishCARP
74%
Type of cherryBING
68.5%
♪ 'Ballad of the ____ Weaver' ♪♪ HARP ♪
66.7%
Something that is a benefitBOON
65.6%
♪ 'Cajun ____' ♪♪ BORN ♪
62.5%
Water pipeBONG
59.9%
Wacky '70s TV: 'The ____ Show'GONG
59.4%
♪ 'Delia's ____' ♪♪ GONE ♪
59.1%

Today's Daily Dose

Missing Word
April Birthdays

Quick Pick
Signature Pinks

On This Day
April 20th II

You're not logged in!

Compare scores with friends on all Sporcle quizzes.
Sign Up with Email
OR
Log In

You Might Also Like...

Show Comments

Extras

Top Quizzes Today


Score Distribution

Your Account Isn't Verified!

In order to create a playlist on Sporcle, you need to verify the email address you used during registration. Go to your Sporcle Settings to finish the process.

Report this User

Report this user for behavior that violates our Community Guidelines.

Details: